Library Banner

Freedom in exile : (Record no. 108682)

MARC details
000 -LEADER
fixed length control field 00444nam a22001577a 4500
005 - DATE AND TIME OF LATEST TRANSACTION
control field 20181030114130.0
008 - FIXED-LENGTH DATA ELEMENTS--GENERAL INFORMATION
fixed length control field 181030b ||||| |||| 00| 0 eng d
020 ## - INTERNATIONAL STANDARD BOOK NUMBER
International Standard Book Number 0349111111
040 ## - CATALOGING SOURCE
Transcribing agency PK-LaUMT
082 ## - DEWEY DECIMAL CLASSIFICATION NUMBER
Classification number 294.3923092
Item number LAM-A
100 ## - MAIN ENTRY--PERSONAL NAME
Personal name Lama, Dalai
245 ## - TITLE STATEMENT
Title Freedom in exile :
Remainder of title the autobiogfaphy of his holiness the Dalia Lama of Tibet /
Statement of responsibility, etc Dalai Lama
260 ## - PUBLICATION, DISTRIBUTION, ETC. (IMPRINT)
Place of publication, distribution, etc London :
Name of publisher, distributor, etc Abacus,
Date of publication, distribution, etc 2002
300 ## - PHYSICAL DESCRIPTION
Extent 324 p.
942 ## - ADDED ENTRY ELEMENTS (KOHA)
Koha item type Books
Holdings
Withdrawn status Lost status Damaged status Home library Current library Date acquired Full call number Barcode Date last seen Price effective from Koha item type
      UMT Main Campus UMT Main Campus 2018-10-30 294.3923092 LAM-A 125283 2019-06-19 2018-10-30 Books